Statistiques concernant Les principaux footballeurs français (2017) #2

Cliquez ici pour prendre le quiz!

Statistiques générales

  • Ce quiz a été pris 407 fois
  • Le résultat moyen est 22 sur 36

Statistiques - réponses

PosteClubJoueur% Correct
MilieuChelseaN'Golo Kanté
97%
MilieuManchester UnitedPaul Pogba
97%
AttaquantMonacoKylian Mbappé
90%
MilieuParis SGAdrien Rabiot
89%
MilieuParis SG (Juventus ?)Blaise Matuidi
89%
AttaquantAtlético MadridAntoine Griezmann
88%
MilieuBayern MunichCorentin Tolisso
88%
AttaquantReal MadridKarim Benzema
84%
AttaquantCeltic GlasgowMoussa Dembélé
82%
AttaquantBorussia DortmundOusmane Dembélé
82%
AttaquantTigres UANLAndré-Pierre Gignac
80%
AttaquantMarseilleDimitri Payet
78%
AttaquantArsenalOlivier Giroud
78%
AttaquantBayern MunichKingsley Coman
77%
AttaquantArsenalAlexandre Lacazette
76%
AttaquantMarseilleFlorian Thauvin
76%
AttaquantManchester UnitedAnthony Martial
75%
MilieuTottenhamMoussa Sissoko
75%
MilieuLyonNabil Fekir
69%
MilieuMonacoThomas Lemar
66%
AttaquantSéville FCWissam Ben Yedder
60%
AttaquantAtlético MadridKévin Gameiro
54%
AttaquantGalatasarayBafétimbi Gomis
50%
MilieuFenerbahçeMathieu Valbuena
50%
MilieuSéville FCSteven N'Zonzi
50%
MilieuCrystal PalaceYohan Cabaye
49%
MilieuChelseaTiémoué Bakayoko
47%
MilieuEvertonMorgan Schneiderlin
39%
MilieuInter MilanGeoffrey Kondogbia
36%
MilieuMarseilleMorgan Sanson
31%
AttaquantParis SGHatem Ben Arfa
27%
MilieuWatfordEtienne Capoue
25%
MilieuMarseilleMaxime Lopez
25%
MilieuNiceWylan Cyprien
19%
MilieuLyonLucas Tousart
18%
AttaquantTianjin QuanjianAnthony Modeste
16%

Distribution des résultats

Percentile par nombre de réponses

% des personnes avec chaque résultat

Votre développement - résultats

Vous n’avez pas pris ce quiz